000 03028cam a2200409 4500500
005 20260208005034.0
041 _afre
042 _adc
100 1 0 _aConstantinesco, Thomas
_eauthor
245 0 0 _aEmerson, l'esclavage et l'Amérique fugitive
260 _c2011.
500 _a80
520 _aConsacrée au discours d’Emerson contre le Compromis de 1850 et la loi sur les esclaves fugitifs (« “Address to the Citizens of Concord” on the Fugitive Slave Law », 1851), cette étude s’intéresse à la question de l’esclavage en Amérique depuis le point de vue d’un citoyen de Nouvelle-Angleterre pour qui antiesclavagisme et idéal national, quoique indissociables, demeurent difficilement compatibles. Bien que la vie, la liberté et l’égalité constituent pour Emerson des droits universels et inaliénables, les enjeux liés à la composition et aux frontières de la communauté viennent remettre en cause la primauté affichée du droit naturel. Si la Nouvelle-Angleterre doit être le fer de lance du combat antiesclavagiste et ainsi devenir la pierre angulaire d’une Union régénérée, débarrassée du fléau corrupteur de l’« institution particulière », il n’est pas certain que la nouvelle nation qu’il appelle de ses vœux doive s’étendre au-delà des limites du Massachusetts, ni même accueillir les esclaves émancipés.
520 _aFocusing on Emerson’s “‘Address to the Citizens of Concord’ on the Fugitive Slave Law” (1851) and his opposition to the Compromise of 1850, this study explores the issue of slavery in America from the perspective of a New Englander. Although Emerson holds life, liberty, and equality to be universal and inalienable rights, uncertainties as to the nature of America’s political compact and the delimitation of the nation’s boundaries end up calling the primacy of natural law into question. If slavery must be abolished and if New England should lead the way towards the regeneration of a Union corrupted by the “peculiar institution,” it remains doubtful whether the new nation whose advent Emerson is prophesying should actually extend beyond the frontiers of White Anglo-Saxon Massachusetts.
690 _aabolition
690 _aCompromis de 1850
690 _aDaniel Webster
690 _adroit naturel
690 _aesclavage
690 _aloi sur les esclaves fugitifs
690 _anation
690 _anature
690 _aNouvelle-Angleterre
690 _aRalph Waldo Emerson
690 _aabolition
690 _aCompromise of 1850
690 _aDaniel Webster
690 _aFugitive Slave Law
690 _anation
690 _anatural law
690 _anature
690 _aNew England
690 _aRalph Waldo Emerson
690 _aslavery
786 0 _nRevue française d’études américaines | 127 | 1 | 2011-09-01 | p. 3-19 | 0397-7870
856 4 1 _uhttps://shs.cairn.info/revue-francaise-d-etudes-americaines-2011-1-page-3?lang=fr&redirect-ssocas=7080
999 _c1650296
_d1650295